000 02204cam a22006014i 4500
003 PE-LiUPU
005 20250731170432.0
008 150623s1969 nyu rb 000 0 eng d
020 _a0684839385
020 _a9780684839387
035 _a(Sirsi) i9780684839387
040 _aPE-LiUPU
_bspa
_cPE-LiUPU
_dPE-LiUPU
_erda
049 _aPRUA
082 0 4 _a155.937
_bK87
_221
100 1 _aKübler-Ross, Elisabeth,
_eautor.
245 1 0 _aOn death and dying :
_bwhat the dying have to teach doctors, nurses, clergy, and their own families /
_cElisabeth Kübler-Ross.
264 1 _aNew York :
_bA Touchstone Book,
_c1969.
300 _a286 páginas ;
_c21 centímetros
336 _atext
_2rdacontent
337 _aunmediated
_2rdamedia
338 _avolume
_2rdacarrier
504 _aIncluye bibliografía.
505 0 _aOn the fear of death -- Attitudes toward death and dying -- First stage: denial and isolation -- Second stage: anger -- Third stage: bargaining -- Foruth stage: depression -- Fifth stage: acceptance -- Hope -- The patient's family -- Some interviews with terminally III patients -- Reactions to the seminar on death and dying -- Therapy with the terminally III.
526 _aSEG68
526 _aSEG70
526 _aSEG69
526 _aSEG67
526 _aSEG43
526 _aP144
526 _aP143
526 _aP131
526 _aP122
526 _aP120
526 _aP117
526 _aP112
526 _aP110
526 _aP106
526 _aP101
526 _aP80
526 _aP59
526 _aP54
526 _aP35
526 _aP33
526 _aP30
650 0 4 _aMuerte
_xAspectos psicológicos.
650 0 4 _aPacientes terminales.
942 _2ddc
_cBOOK
949 _a155.937 K87
_wDEWEY
_c1
_i53338
_lCCODEBUL1
_mBUL
_p13.00
_r0
_sY
_tBOOK
_u2015-6-24
_xTEOLOGIA
_PP35
_0COMPRA
_o.STAFF. Colección Ciencias de la Salud
994 _aC0
_bPEPRU
596 _a1
999 _a155.937 K87
_wDEWEY
_c35303
_i53338
_f2021-11-3
_g5
_lCCODEBUL1
_mBUL
_p13.00
_r0
_sY
_tBOOK
_u2015-6-24
_xSALUD
_zP35
_0COMPRA
_o.STAFF. Colección Ciencias de la Salud
_d35303
980 _81
_gALBERTO SANCHEZ Responsable de Automatización